[Event "AUTO-OPEN-2815"]
[Site "http://www.queenalice.com/game.php?id=1111772"]
[Date "2012.10.12"]
[Round "1"]
[White "CEMPORCENTOJESUS"]
[Black "Stitch"]
[Result "0-1"]
[WhiteElo "1100"]
[BlackElo "2039"]

1. e4 e5 2. Nf3 Nc6 3. d4 exd4 4. Nxd4 Qh4 5. Nc3 Bb4 6. Nxc6 Qxe4+ 7. Qe2 Bxc3+
8. bxc3 Qxe2+ 9. Bxe2 dxc6 10. Bf4 Bf5 11. Bd3 Bxd3 12. cxd3 O-O-O 13. d4 Nf6
14. Bg5 Rhe8+ 15. Kd2 Ne4+ 16. Kc2 Nxg5 17. Rhe1 Rxe1 18. Rxe1 Kd7 0-1

[Event "AUTO-OPEN-2815"]
[Site "http://www.queenalice.com/game.php?id=1111775"]
[Date "2012.10.12"]
[Round "1"]
[White "Stitch"]
[Black "FerreiraAzevedo"]
[Result "1/2-1/2"]
[WhiteElo "2061"]
[BlackElo "2776"]

1. e4 c5 2. d4 cxd4 3. c3 e5 4. Nf3 Nc6 5. Bc4 Nf6 6. Ng5 d5 7. exd5 Nxd5 8. O-O
Be7 9. Nxf7 Kxf7 10. Qf3+ Ke6 11. Re1 Na5 12. Nd2 Bf6 13. Bf1 Nc6 14. Bc4 Na5
15. Bf1 Nc6 16. Bc4 Na5 1/2-1/2

[Event "AUTO-OPEN-2815"]
[Site "http://www.queenalice.com/game.php?id=1111776"]
[Date "2012.10.12"]
[Round "1"]
[White "FerreiraAzevedo"]
[Black "Stitch"]
[Result "0-1"]
[WhiteElo "2504"]
[BlackElo "2077"]

1. d4 d5 2. c4 e6 3. Nf3 Nf6 4. Nc3 c5 5. cxd5 Nxd5 6. e4 Nxc3 7. bxc3 cxd4 8.
cxd4 Nc6 9. Bc4 b5 10. Be2 Bb4+ 11. Bd2 Qa5 12. a4 bxa4 13. O-O Bxd2 14. Rxa4
Qb6 15. Qxd2 O-O 16. d5 exd5 0-1

[Event "AUTO-MASTER-1721"]
[Site "http://www.queenalice.com/game.php?id=1128836"]
[Date "2012.12.6"]
[Round "2"]
[White "Stitch"]
[Black "luciopac"]
[Result "1-0"]
[WhiteElo "2140"]
[BlackElo "2159"]

1. e4 d5 2. exd5 Qxd5 3. Nc3 Qa5 4. d4 c6 5. Nf3 Nf6 6. Ne5 e6 7. g3 Nbd7 8. Nc4
Qc7 9. Bf4 Qd8 10. Nd6+ Bxd6 11. Bxd6 Nb6 12. Ba3 Nbd5 13. Bg2 Ne7 14. O-O O-O
15. Qe2 Re8 16. Rad1 Ng6 17. Ne4 Nxe4 18. Qxe4 Qf6 19. Rfe1 Bd7 20. Bd6 Qf5 21.
Qe2 a5 22. c4 a4 23. Qd2 Qa5 24. Qxa5 Rxa5 25. Bh3 Nf8 26. Re2 f6 27. Rde1 e5
28. Bxd7 Nxd7 29. f4 Kf7 30. fxe5 fxe5 31. dxe5 Ke6 32. Rd2 Nxe5 33. Bxe5 1-0

[Event "AUTO-MASTER-1721"]
[Site "http://www.queenalice.com/game.php?id=1128837"]
[Date "2012.12.6"]
[Round "2"]
[White "luciopac"]
[Black "Stitch"]
[Result "0-1"]
[WhiteElo "2146"]
[BlackElo "2164"]

1. e4 e6 2. d4 d5 3. Nd2 a6 4. e5 c5 5. c3 Nc6 6. Nb3 cxd4 7. cxd4 Qb6 8. f4 Nh6
9. Nf3 Bb4+ 10. Bd2 Nf5 11. Bxb4 Nxb4 12. Kf2 O-O 13. g4 Ne7 14. a3 Nbc6 15. Bd3
f6 16. Kg2 fxe5 17. fxe5 Na5 18. Nxa5 Qxa5 19. b4 Qb6 20. Qc2 h6 21. Raf1 Bd7
22. h4 Rac8 23. Qd2 Bb5 24. Rc1 Bxd3 25. Qxd3 a5 26. b5 Rc4 27. Rxc4 dxc4 28.
Qxc4 Rc8 29. Qb3 Nd5 30. Re1 Rc3 31. Qb2 Qc7 32. Kg3 Qc4 0-1

[Event "AUTO-MASTER-1721"]
[Site "http://www.queenalice.com/game.php?id=1128838"]
[Date "2012.12.6"]
[Round "2"]
[White "Stitch"]
[Black "kandido"]
[Result "1-0"]
[WhiteElo "2128"]
[BlackElo "2129"]

1. e4 e5 2. Nf3 Nc6 3. Bc4 Bc5 4. d4 Bxd4 5. Nxd4 Nxd4 6. Be3 Nc6 7. Nc3 Nge7 8.
Nd5 Nxd5 9. exd5 Na5 10. Bd3 b6 11. O-O d6 12. b4 Nb7 13. Bb5+ Bd7 14. Bc6 Qb8
15. Qg4 Bxc6 16. dxc6 Nd8 17. Qxg7 Rf8 18. Bh6 Ne6 19. Qxh7 1-0

[Event "AUTO-MASTER-1721"]
[Site "http://www.queenalice.com/game.php?id=1128839"]
[Date "2012.12.6"]
[Round "2"]
[White "kandido"]
[Black "Stitch"]
[Result "0-1"]
[WhiteElo "2110"]
[BlackElo "2153"]

1. d4 d5 2. c4 e6 3. Nc3 c5 4. cxd5 cxd4 5. Qxd4 Nc6 6. Qd1 exd5 7. Qxd5 Bd7 8.
Nf3 Nf6 9. Qd1 Bc5 10. e3 Qe7 11. Be2 O-O-O 12. O-O g5 13. b4 Bxb4 14. Bb2 Rhg8
15. Qc2 g4 16. Nd4 Nxd4 17. exd4 Kb8 18. Bd3 Rc8 19. Qb3 Rgd8 20. Rfe1 Be6 21.
Qc2 Nd5 22. Nxd5 Rxc2 23. Nxe7 Rxb2 24. Re4 Bxe7 0-1

[Event "AUTO-MASTER-1870"]
[Site "http://www.queenalice.com/game.php?id=1180704"]
[Date "2013.5.12"]
[Round "1"]
[White "Stitch"]
[Black "jupar"]
[Result "1-0"]
[WhiteElo "2208"]
[BlackElo "1908"]

1. e4 e5 2. Nf3 Nc6 3. d4 exd4 4. Nxd4 d6 5. Nc3 Nf6 6. Bc4 Be7 7. O-O O-O 8.
Bf4 Ne5 9. Be2 a6 10. Nf3 Nxf3+ 11. Bxf3 c6 12. Qd4 Be6 13. Rad1 h6 14. Bxd6
Bxd6 15. Qxd6 Qb6 16. b3 Rad8 17. Qf4 Rxd1 18. Rxd1 Rd8 19. Rxd8+ Qxd8 20. Qe3
Qa5 21. Qd4 Qa3 22. h3 Qc1+ 23. Qd1 Qb2 24. Qd3 Nd7 25. Be2 Qc1+ 26. Kh2 Qf4+
27. Kg1 Ne5 28. Qd4 Qg5 29. Kh2 Qf4+ 30. Kg1 Kh7 31. Nb1 f6 32. Nd2 f5 33. c3
fxe4 34. Qxe4+ Qxe4 35. Nxe4 Nd7 36. Bf3 Bd5 37. Nd2 Nf6 38. c4 Bf7 39. Ne4 Bg6
40. Nc5 b5 41. cxb5 cxb5 42. Nxa6 Bb1 43. Nb4 Be4 44. Be2 Nd5 45. Nxd5 Bxd5 46.
Bxb5 g5 47. a4 Kg7 48. Bc4 Bc6 49. a5 Kf6 50. a6 Ke5 51. b4 Kd6 52. b5 Ba8 53.
b6 Kc6 54. b7 Bxb7 55. Bd5+ 1-0

[Event "AUTO-MASTER-1870"]
[Site "http://www.queenalice.com/game.php?id=1180705"]
[Date "2013.5.12"]
[Round "1"]
[White "jupar"]
[Black "Stitch"]
[Result "0-1"]
[WhiteElo "1935"]
[BlackElo "2193"]

1. d4 e6 2. e4 d5 3. e5 c5 4. Nf3 Nc6 5. c3 Qb6 6. Be2 Nh6 7. Qb3 Qxb3 8. axb3
cxd4 9. cxd4 Nf5 10. Be3 Be7 11. Nc3 O-O 12. O-O Bd7 13. Rfc1 f6 14. Bd3 Nxe3
15. fxe3 fxe5 16. dxe5 Rf7 17. Bb5 a6 18. Bxc6 Bxc6 19. Nd4 Bg5 20. Re1 Re8 21.
Nxc6 bxc6 22. Rxa6 Ref8 23. Rxc6 Bxe3+ 0-1

[Event "AUTO-MASTER-1870"]
[Site "http://www.queenalice.com/game.php?id=1180706"]
[Date "2013.5.12"]
[Round "1"]
[White "Stitch"]
[Black "battit"]
[Result "1/2-1/2"]
[WhiteElo "2206"]
[BlackElo "2261"]

1. e4 c5 2. d4 cxd4 3. c3 d3 4. Bxd3 Nc6 5. Nf3 d6 6. O-O Nf6 7. h3 g6 8. Be3
Bg7 9. Nbd2 O-O 10. Qe2 Qc7 11. Rad1 Be6 12. a4 Rfc8 13. Ng5 Bd7 14. f4 Na5 15.
Bc2 Be8 16. f5 Nc4 17. fxg6 hxg6 18. Qxc4 Qxc4 19. Nxc4 Rxc4 20. Bb3 Rcc8 21.
Rde1 Rc7 22. Bd4 b6 23. e5 dxe5 24. Bxe5 Rd7 25. Bg3 Rc8 26. Rf2 Rc5 27. Nf3 Nh5
28. Be5 e6 29. Bd4 Bxd4 30. Nxd4 Ng7 31. g4 Rd6 32. Nf3 Bc6 33. Ne5 Be8 34. Nc4
Rd8 35. Ne5 Rc7 36. h4 1/2-1/2

[Event "AUTO-MASTER-1870"]
[Site "http://www.queenalice.com/game.php?id=1180707"]
[Date "2013.5.12"]
[Round "1"]
[White "battit"]
[Black "Stitch"]
[Result "0-1"]
[WhiteElo "2304"]
[BlackElo "2175"]

1. e4 e6 2. d4 d5 3. Nd2 Nc6 4. Ngf3 Nf6 5. e5 Nd7 6. c3 f6 7. exf6 Qxf6 8. Bb5
Bd6 9. O-O O-O 10. Qe2 e5 11. Bxc6 bxc6 12. dxe5 Nxe5 13. Nxe5 Bxe5 14. Nb3 a5
15. Nc5 Qd6 16. g3 Bh3 17. Re1 Qxc5 18. Be3 Qd6 19. Qh5 Be6 20. Bc5 Qxc5 0-1

[Event "AUTO-MASTER-1870"]
[Site "http://www.queenalice.com/game.php?id=1180708"]
[Date "2013.5.12"]
[Round "1"]
[White "Stitch"]
[Black "amand"]
[Result "1-0"]
[WhiteElo "2197"]
[BlackElo "2110"]

1. e4 e5 2. Nf3 Qe7 3. Bc4 d6 4. Nc3 c6 5. d4 Bg4 6. dxe5 dxe5 7. Be3 Nf6 8. h3
Bh5 9. Qd2 Bxf3 10. gxf3 Nbd7 11. O-O-O g6 12. f4 Rd8 13. Bb3 Bg7 14. fxe5 Nxe5
15. Qxd8+ Qxd8 16. Rxd8+ Kxd8 17. f4 Ned7 18. Bxf7 b6 19. Rd1 Kc7 20. e5 Ne8 21.
e6 Ndf6 22. Bd4 Nd6 23. Be5 Ne8 24. Bxe8 Bxe5 25. fxe5 Nxe8 26. Rd7+ Kc8 27. Ne4
Rf8 28. Rf7 1-0

[Event "AUTO-MASTER-1870"]
[Site "http://www.queenalice.com/game.php?id=1180709"]
[Date "2013.5.12"]
[Round "1"]
[White "amand"]
[Black "Stitch"]
[Result "0-1"]
[WhiteElo "2045"]
[BlackElo "2211"]

1. e4 e6 2. d4 d5 3. exd5 exd5 4. Bd3 c5 5. dxc5 Bxc5 6. Nc3 Nf6 7. Nf3 O-O 8.
O-O Nc6 9. Bg5 h6 10. Bh4 Be6 11. a3 Be7 12. Ne2 Bg4 13. Nd2 Ne5 14. f3 Bd7 15.
Bf2 Qc7 16. Nb3 Bd6 17. Bg3 Rae8 18. Nbd4 a6 19. Kh1 Nc4 20. Bxc4 Bxg3 21. Nxg3
dxc4 22. Qd2 Re7 23. Rfe1 Rfe8 24. c3 Nd5 25. Rxe7 Rxe7 26. Re1 Rxe1+ 27. Qxe1
Kf8 28. Qe4 Qf4 29. Qxf4 Nxf4 30. Ne4 Nd3 31. Nd6 b5 32. b4 cxb3 33. Nxb3 Ke7
34. Ne4 Bc6 35. Kg1 Bxe4 36. fxe4 Kd6 37. Kf1 Nc5 38. Nd2 Ke5 39. Ke2 Nxe4 40.
Nf3+ Kd5 41. Kd3 Nc5+ 42. Kc2 Ne6 43. g3 g5 44. Kd3 Nc5+ 45. Kc2 Ke4 46. Nd4 g4
0-1

[Event "AUTO-OPEN-2815"]
[Site "http://www.queenalice.com/game.php?id=1200973"]
[Date "2013.7.19"]
[Round "2"]
[White "sergiogvh"]
[Black "Stitch"]
[Result "0-1"]
[WhiteElo "2400"]
[BlackElo "2218"]

1. e4 e5 2. f4 d5 3. exd5 e4 4. d3 Nf6 5. dxe4 Nxe4 6. Qe2 Qxd5 7. Nd2 f5 8. g4
Nc6 9. c3 Be7 10. Bg2 Bh4+ 11. Kd1 Be6 12. Kc2 O-O-O 13. Nxe4 fxe4 14. Bxe4 Qd7
15. Nf3 Bxg4 16. h3 Bh5 17. Be3 Rhe8 18. Rad1 Qe6 19. Rxd8+ Bxd8 20. Bxc6 Qxc6
21. Rf1 Qa4+ 22. Kb1 Qe4+ 23. Kc1 Qxe3+ 24. Qxe3 Rxe3 25. Ne5 Bf6 0-1

[Event "AUTO-OPEN-2815"]
[Site "http://www.queenalice.com/game.php?id=1200974"]
[Date "2013.7.19"]
[Round "2"]
[White "Stitch"]
[Black "sergiogvh"]
[Result "1-0"]
[WhiteElo "2243"]
[BlackElo "2353"]

1. e4 e6 2. d4 d5 3. Nd2 Nf6 4. Bd3 dxe4 5. Nxe4 Nbd7 6. Nf3 Be7 7. Qe2 O-O 8.
Bg5 c5 9. dxc5 Nxc5 10. Nxc5 Bxc5 11. O-O-O Qe7 12. Ne5 h6 13. Bh4 g5 14. Bg3
Nd7 15. Qh5 Nxe5 16. Bxe5 f6 17. Bc3 Qg7 18. Bd2 Bd7 19. h4 Bd4 20. hxg5 fxg5
21. c3 Bxf2 22. Qxh6 Qxh6 23. Rxh6 Rf7 24. Bxg5 Rg7 25. Rdh1 Rxg5 26. Rh8+ Kg7
27. Rxa8 Be3+ 28. Kd1 Rxg2 29. Rh7+ 1-0

[Event "AUTO-MASTER-1870"]
[Site "http://www.queenalice.com/game.php?id=1249844"]
[Date "2014.1.20"]
[Round "2"]
[White "docb"]
[Black "Stitch"]
[Result "1-0"]
[WhiteElo "2032"]
[BlackElo "2258"]

1. e4 e5 2. Nf3 Nf6 3. Nxe5 d6 4. Nf3 Nxe4 5. d4 d5 6. Bd3 Nc6 7. c4 Bb4+ 8.
Nbd2 Bg4 9. O-O Nxd2 10. Bxd2 Bxd2 11. Qxd2 O-O 12. Ne5 Nxe5 13. dxe5 dxc4 14.
Qf4 cxd3 15. Qxg4 Qd5 16. Rad1 Rad8 17. f4 Qxa2 18. Rf3 Qxb2 19. Rfxd3 Rxd3 20.
Rxd3 a5 21. Qg3 a4 22. f5 b5 23. f6 g6 24. Qe3 Re8 25. Qh6 Qb1+ 26. Kf2 1-0

[Event "AUTO-MASTER-1870"]
[Site "http://www.queenalice.com/game.php?id=1249845"]
[Date "2014.1.20"]
[Round "2"]
[White "Stitch"]
[Black "docb"]
[Result "1-0"]
[WhiteElo "2235"]
[BlackElo "2092"]

1. e4 Nc6 2. d4 d5 3. Nc3 dxe4 4. d5 Ne5 5. Qd4 Ng6 6. Qxe4 Nf6 7. Qa4+ Bd7 8.
Bb5 a6 9. Bxd7+ Qxd7 10. Qxd7+ Nxd7 11. Nf3 h6 12. O-O O-O-O 13. Be3 f5 14. Rad1
Nf6 15. Nd4 Nxd5 16. Ne6 f4 17. Nxd8 Nxc3 18. bxc3 fxe3 19. Nf7 c6 20. Nxh8 e2
21. Nxg6 1-0

[Event "AUTO-MASTER-1870"]
[Site "http://www.queenalice.com/game.php?id=1249848"]
[Date "2014.1.20"]
[Round "2"]
[White "Stitch"]
[Black "HakunaMatata"]
[Result "1-0"]
[WhiteElo "2236"]
[BlackElo "2104"]

1. e4 e6 2. d4 d5 3. Nd2 Nf6 4. Bd3 c5 5. c3 Nc6 6. Ngf3 Qb6 7. O-O cxd4 8. cxd4
Nxd4 9. Nxd4 Qxd4 10. Nf3 Qb6 11. Be3 Bc5 12. Bxc5 Qxc5 13. Rc1 Qb6 14. e5 Nd7
15. Qc2 Ke7 16. Qd2 h6 17. Rc3 Nc5 18. Rfc1 Nxd3 19. Rxd3 a5 20. Rb3 Qa6 21.
Rc7+ Ke8 22. Qf4 Rf8 23. Qa4+ Kd8 24. Rbc3 b5 25. Qh4+ f6 26. R3c6 Bd7 27. Rxd7+
Kxd7 28. Rxa6 Rxa6 29. exf6 Rxf6 30. Ne5+ Kc8 31. Qd4 b4 32. Qc5+ Kd8 33. Nc6+
Rxc6 34. Qxc6 Ke7 35. Qc7+ Kf8 36. Qxa5 b3 37. Qd8+ Kf7 38. a4 Kg6 39. a5 Rf4
40. a6 Rd4 41. Kf1 Rd2 42. Qe8+ Kf6 43. Qf8+ Kg6 44. a7 Rxb2 45. a8=Q Rb1+ 46.
Ke2 b2 47. Qae8+ Kg5 48. h4+ 1-0

[Event "AUTO-MASTER-1870"]
[Site "http://www.queenalice.com/game.php?id=1249849"]
[Date "2014.1.20"]
[Round "2"]
[White "HakunaMatata"]
[Black "Stitch"]
[Result "1/2-1/2"]
[WhiteElo "2084"]
[BlackElo "2235"]

1. d4 d5 2. Nf3 e6 3. e3 Nf6 4. Bd3 c5 5. b3 Nc6 6. Bb2 Bd6 7. O-O O-O 8. c4
cxd4 9. exd4 b6 10. Nbd2 Bb7 11. Rc1 Qe7 12. Re1 Rac8 13. Ne5 Ba3 14. Nxc6 Bxc6
15. Bxa3 Qxa3 16. Bb1 Rfd8 17. Re3 Bb7 18. Qc2 dxc4 19. bxc4 Qa5 20. Nb3 Qg5 21.
Rg3 Qf4 22. Re1 Bd5 23. c5 Bxb3 24. axb3 Rxd4 25. Rf3 Qd2 26. Qxd2 Rxd2 27. cxb6
axb6 28. Rd3 Rd8 29. Rxd8+ Rxd8 30. Rc1 Kf8 31. g3 Rd2 1/2-1/2

[Event "AUTO-OPEN-2815"]
[Site "http://www.queenalice.com/game.php?id=1267735"]
[Date "2014.3.24"]
[Round "3"]
[White "Stitch"]
[Black "Aspayne"]
[Result "1-0"]
[WhiteElo "2230"]
[BlackElo "2041"]

1. e4 c6 2. d4 d5 3. exd5 cxd5 4. c4 Nf6 5. Nc3 e6 6. Nf3 Bb4 7. cxd5 Nxd5 8.
Qc2 Nc6 9. Bd3 Qa5 10. Bd2 h6 11. O-O O-O 12. a3 1-0